书目信息 |
| 题名: |
中华人民共和国审计监督法规汇编
|
|
| 作者: | ;全国人民代表大会常务委员会法制工作委员会 审定 | |
| 分册: | ||
| 出版信息: | 北京 法律出版社 1991.3 |
|
| 页数: | 2284页 | |
| 开本: | 26cm | |
| 丛书名: | ||
| 单 册: | ||
| 中图分类: | D922.2701 , D922.27 | |
| 科图分类: | ||
| 主题词: | 法规-经济法--中国--汇编 , 审计-法规--中国--汇编 , 经济法-法规--中国--汇编 | |
| 电子资源: | ||
| ISBN: | 7-5036-0726-2 | |
| 000 | 01221nam0 2200265 45 | |
| 001 | 0192012898 | |
| 005 | 20061104151003.25 | |
| 010 | @a7-5036-0726-2@b精装@dCNY80.00 | |
| 100 | @a19920511d1991 em y0chiy0121 ea | |
| 101 | 0 | @achi |
| 102 | @aCN@b110000 | |
| 105 | @ay n 000yy | |
| 200 | 10 | @a中华人民共和国审计监督法规汇编@AZHONG HUA REN MIN GONG HE GUO SHEN JI JIAN DU FA GUI HUI BIAN@f全国人民代表大会常务委员会法制工作委员会审定@FQUAN GUO REN MIN DAI BIAO DA HUI CHANG WU WEI YUAN HUI FA ZHI GONG ZUO WEI YUAN HUI SHEN DING |
| 210 | @a北京@c法律出版社@d1991.3 | |
| 215 | @a2284页@d26cm | |
| 330 | @a本书汇集了我国现行有效的经济监督管理法律、法规、制度1017件,包括审计、计划统计、财政、金融、税收、保险、物资、资源、工商行政管理、基建、环保、工交、劳动人事、经济特区等22类。 | |
| 540 | 1 | @a审计 监督 法规@ASHEN JI JIAN DU FA GUI |
| 606 | @a法规-经济法@y中国@x汇编 | |
| 606 | @a审计-法规@y中国@x汇编 | |
| 606 | @a经济法-法规@y中国@x汇编 | |
| 690 | @aD922.2701@v三版 | |
| 690 | @aD922.27@v3 | |
| 711 | 02 | @a全国人民代表大会常务委员会法制工作委员会@AQUAN GUO REN MIN DAI BIAO DA HUI CHANG WU WEI YUAN HUI FA ZHI GONG ZUO WEI YUAN HUI@4审定 |
| 801 | 0 | @aCN@bTSSF@c20061104 |
| 905 | @a10447@dD922.27@e213 | |
| 中华人民共和国审计监督法规汇编/全国人民代表大会常务委员会法制工作委员会审定.-北京:法律出版社,1991.3 |
| 2284页;26cm |
| ISBN 7-5036-0726-2(精装):CNY80.00 |
| 本书汇集了我国现行有效的经济监督管理法律、法规、制度1017件,包括审计、计划统计、财政、金融、税收、保险、物资、资源、工商行政管理、基建、环保、工交、劳动人事、经济特区等22类。 |
| ● |
| 相关链接 |
|
|
|
|
正题名:中华人民共和国审计监督法规汇编
索取号:D922.27/213
 
预约/预借
| 序号 | 登录号 | 条形码 | 馆藏地/架位号 | 状态 | 备注 |
| 1 | 0246841 | 002054546 | 第一样本阅览室/ [索取号:D922.27/213] | 在馆 |